000
00302nam a22001337a 4500
008
181017b xxu||||| |||| 00| 0 eng d
020
_a
0721612601
041
_a
eng
080
_2
7th
_a
611
100
_a
6
101
_a
ANE
245
_a
Textbook of Medical Physiology
_c
Guyton,A.C
942
_2
udc
_c
BK
999
_c
50053
_d
50053